Movies Quiz

Random Movies or Nominee Quiz
Score 0/24 Timer 05:00
0 Plays Today
Director Movie % Correct
Steven Spielberg [11]The Post...
96.6%
James Cameron [2]Avatar...
95.8%
Quentin Tarantino [4]Pulp Fiction...
93.5%
George Lucas [2]American Graffiti...
87%
Martin Scorsese [9]Taxi Driver...
84.3%
Clint Eastwood [5]Mystic River...
80.9%
Woody Allen [3]Annie Hall...
80.3%
Kathryn Bigelow [2]Zero Dark Thirty...
78.3%
Christopher Nolan [2]Inception...
74%
Ang Lee [4]Brokeback Mountain...
73.8%
Stanley Kubrick [3]Barry Lyndon...
71.2%
Spike Lee [1]BlacKkKlansman
54.5%
Director Movie % Correct
Alejandro Iñárritu [3]Babel...
51.8%
Damien Chazelle [2]Whiplash...
46.5%
Richard Linklater [1]Boyhood
44%
David O. Russell [3]The Fighter...
41.2%
David Fincher [2]The Social Network...
39.2%
Adam McKay [2]Vice...
39.1%
Victor Fleming [4]The Wizard of Oz...
36.7%
Billy Wilder [5]Sunset Boulevard...
36.3%
Steven Soderbergh [2]Traffic...
34.8%
James L. Brooks [3]Broadcast News...
32.2%
Sidney Lumet [4]12 Angry Men...
30%
William Wyler [13]Funny Girl...
26.4%
Remove Ads.
Support Sporcle.
Get the best of Sporcle when you Go Orange. This ad-free experience offers more features, more stats, and more fun while also helping to support Sporcle. Thank you for becoming a member.

You're not logged in!

Compare scores with friends on all Sporcle quizzes.
OR
Log In

Show Comments

Extras

Top Quizzes Today


Score Distribution

Your Account Isn't Verified!

In order to create a playlist on Sporcle, you need to verify the email address you used during registration. Go to your Sporcle Settings to finish the process.

Report this User

Report this user for behavior that violates our Community Guidelines.

Details: